Teachers guidebook in Mathematics, Statistics and computer science / (Record no. 3468)

MARC details
000 -LEADER
fixed length control field 01435nac a22003371i 4500
003 - CONTROL NUMBER IDENTIFIER
control field EG-ScBUE
005 - DATE AND TIME OF LATEST TRANSACTION
control field 20250303102839.0
008 - FIXED-LENGTH DATA ELEMENTS--GENERAL INFORMATION
fixed length control field 250212s2002 mr a f i000 0 eng d
020 ## - INTERNATIONAL STANDARD BOOK NUMBER
International Standard Book Number 9981263079
040 ## - CATALOGING SOURCE
Original cataloging agency EG-ScBUE
Language of cataloging eng
Description conventions rda
Transcribing agency EG-ScBUE
Modifying agency EG-ScBUE
082 #4 - DEWEY DECIMAL CLASSIFICATION NUMBER
Classification number 519.50243
Item number TEA
Edition number 22
245 00 - TITLE STATEMENT
Title Teachers guidebook in Mathematics, Statistics and computer science /
Statement of responsibility, etc Dr. Bakr A. Hassan [and three others] ; revised by Dr. Taher Ghasemi Honary.
246 34 - VARYING FORM OF TITLE
Title proper/short title دليل المعلم لتدريس الرياضيات وعلم الإحصاء وعلوم الحاسب
246 34 - VARYING FORM OF TITLE
Title proper/short title Guide de l'enseignant en mathematiques, statisique et informatique
264 #1 - PUBLICATION, DISTRIBUTION, ETC. (IMPRINT)
Place of publication, distribution, etc Rabat, Morocco :
Name of publisher, distributor, etc Islamic Educational, Scientific and Cultural Orgnization (ISESCO),
Date of publication, distribution, etc 2002.
300 ## - PHYSICAL DESCRIPTION
Extent xiv, 135 pages :
Other physical details illustrations ;
Dimensions 15 cm
336 ## - CONTENT TYPE
Source rdacontent
Content type term text
Content type code txt
337 ## - MEDIA TYPE
Media type term unmediated
Source rdamedia
Media type code n
338 ## - CARRIER TYPE
Carrier type term volume
Carrier type code nc
Source rdacarrier
521 ## - TARGET AUDIENCE NOTE
Target audience note Directed to : Grade XI, Higher Secondary school level.
650 #7 - SUBJECT ADDED ENTRY--TOPICAL TERM
Topical term or geographic name as entry element Probabilities
Form subdivision Textbooks.
Source of heading or term BUEsh
650 #7 - SUBJECT ADDED ENTRY--TOPICAL TERM
Topical term or geographic name as entry element Mathematical statistics
Form subdivision Textbooks.
Source of heading or term BUEsh
655 ## - INDEX TERM--GENRE/FORM
Form subdivision Reading book
700 1# - ADDED ENTRY--PERSONAL NAME
Personal name Hassan, Bakr A.,
Relator term author.
700 1# - ADDED ENTRY--PERSONAL NAME
Personal name Ahmed, Munir,
Relator term author.
700 1# - ADDED ENTRY--PERSONAL NAME
Personal name Ibrahim, A. Shawky,
Relator term author.
700 1# - ADDED ENTRY--PERSONAL NAME
Personal name Thaheem, A. B.,
Relator term author.
700 1# - ADDED ENTRY--PERSONAL NAME
Personal name Honary, Taher Ghasemi,
Relator term revisor.
942 ## - ADDED ENTRY ELEMENTS (KOHA)
Koha item type Book - Borrowing
Source of classification or shelving scheme Dewey Decimal Classification
Holdings
Withdrawn status Lost status Source of classification or shelving scheme Damaged status Not for loan Collection code Home library Current library Shelving location Date acquired Source of acquisition Total Checkouts Full call number Barcode Date last seen Koha item type
    Dewey Decimal Classification     Baccah Central Library Central Library First floor 17/04/2007 Purchase   519.50243 TEA 000030182 15/07/2025 Book - Borrowing
    Dewey Decimal Classification     Baccah Central Library Central Library First floor 17/04/2007 Purchase   519.50243 TEA 000030184 15/07/2025 Book - Borrowing